| 000 | 00439cam a2200181ua 4500 | ||
|---|---|---|---|
| 020 | _c$1.45 | ||
| 041 |
_aeng _h |
||
| 082 |
_a320.5 _bLIP/GO |
||
| 100 | _aLippmann, Walter . | ||
| 245 |
_aGood society / _cWalter Lippmann. _hTextual Documents |
||
| 250 |
_a1 / _b. |
||
| 260 |
_aNewyork : _bGrossets Universal library , _c1943. |
||
| 300 | _a402 ; . | ||
| 365 | _a$1.45 | ||
| 504 | _a | ||
| 942 | _cBK | ||
| 999 |
_c12102 _d12102 |
||